Is There a Trade-off between Exchange Rate and Interest Rate Volatility? Evidence from an M-GARCH Model

Guardado en:
Detalles Bibliográficos
Autor principal: Duarte, António Portugal
Otros Autores: Andrade, Joao Sousa, Duarte, Adelaide
Formato: Capítulo de libro
Lenguaje:inglés
Etiquetas: Agregar Etiqueta
Sin Etiquetas, Sea el primero en etiquetar este registro!

MARC

LEADER 00000naa a2200000 4500
001 0307151
005 20250707082629.3
041 0 |a eng 
044 |a CZ 
245 1 0 |a Is There a Trade-off between Exchange Rate and Interest Rate Volatility? Evidence from an M-GARCH Model  |c António Portugal Duarte, Joao Sousa Andrade, Adelaide Duarte 
100 1 |a Duarte, António Portugal 
700 1 |a Andrade, Joao Sousa 
700 1 |a Duarte, Adelaide